[Event "Pereira Fiestas de la Cosecha op"]
[Site "Pereira"]
[Date "2023.08.25"]
[Round "3"]
[White "Velasquez Cardona, Gustavo Adolfo"]
[Black "Rodriguez Lara, Laura Sofia"]
[Result "1-0"]
[WhiteElo "1421"]
[BlackElo "1181"]
[PlyCount "65"]
[EventDate "2023.08.24"]
[EventType "swiss"]
[EventRounds "7"]
[EventCountry "COL"]
[SourceTitle "EXT 2024"]
[Source "ChessBase"]
[SourceDate "2023.10.10"]
[SourceVersion "1"]
[SourceVersionDate "2023.10.10"]
[SourceQuality "1"]

1. e4 e5 2. Nf3 Nc6 3. Bb5 a6 4. Ba4 Nf6 5. Qe2 b5 6. Bb3 Be7 7. 0-0 0-0 8. Rd1 d6 9. c3 d5 10. d3 Bg4 11. h3 Bxf3 12. Qxf3 d4 13. Nd2 Qd6 14. Nf1 Nd7 15. Ng3 Bh4 16. Nf5 Qf6 17. Qg4 Bxf2+ 18. Kxf2 Kh8 19. Kg1 dxc3 20. bxc3 Ne7 21. Bg5 Qb6+ 22. Be3 Qf6 23. Rf1 Nxf5 24. Rxf5 Qe7 25. Raf1 f6 26. Rh5 g6 27. Rh4 g5 28. Rh5 a5 29. h4 Ra6 30. hxg5 Qg7 31. Be6 f5 32. Bxf5 Nf6 33. gxf6 1-0